000 01788nam a2200517 i 4500
001 44151
003 KOSZ 005
005 20190919091502.0
008 040415s2004 pl f |000 0 pol
015 _aPB 2004/7744
020 _a8373343040
035 _a991023031749705066
035 _a(PL-WaBN)b16209990-48omnis_nlop
035 _ab16209990
035 _a(OCoLC)69585730
035 _a(PL)b0000001620999
035 _a(EXLNZ-48OMNIS_NETWORK)9910285291005606
040 _aWA N
_cWA N
_dKOSZ 005/HR
041 0 _apol
046 _k2004
080 _a342.25(438)
080 _a352(438)
245 0 0 _aKomentarz do ustawy o samorządzie gminnym /
_cKazimierz Bandarzewski [et al.]. ; pod red. Pawła Chmielnickiego.
250 _aStan prawny na 15 lutego 2004 roku.
260 _aWarszawa :
_bWydaw. Prawnicze "LexisNexis",
_c2004.
300 _a621, [1] s. ;
_c24 cm.
336 _2rdacontent
_aTekst
_btxt
337 _2rdamedia
_aBez urządzenia pośredniczącego
_bn
338 _2rdacarrier
_aWolumin
_bnc
380 _aKsiążki
380 _aPublikacje fachowe
388 _a2001-
504 _aBibliogr. s. 592-605, wykaz aktów normatywnych oraz wykaz orzeczeń s. 606-621.
648 7 _a2001-
650 7 _aSamorząd gminny
_2DBN
650 7 _aPrawo
651 7 _aPolska
655 7 _aKomentarz do ustawy
658 _aPolityka, politologia, administracja publiczna
700 1 _aBandarzewski, Kazimierz
_eAutor
700 1 _aChmielnicki, Paweł
_d(1972- )
_eRedakcja
710 2 _aWydawnictwo Prawnicze LexisNexis
_4pbl
856 _uhttp://koha.tu.koszalin.pl/cgi-bin/koha/opac-detail.pl?biblionumber=44151
_yKatalog online BPK
942 _2UKD
_cKS
999 _c44151
_d44151